Africans - Sudden Death - Statistics

General Stats
  • This quiz has been taken 282 times
    58 since last reset
  • The average score is 24 of 50
Answers on the Grid
Answers color-coded by a green-red scale on the quiz's grid according to % correct below.
Nelson Mandela
Fela Kuti
Dirk Nowitzki
Mohamed Salah
Alain Delon
Kofi Annan
Greta Thunberg
Haile Selassie
Nico Rosberg
Giorgia Meloni
Mansa Musa
Jacques Brel
Tutankhamun
Heinz Guderian
Gary Player
Herodotus
Patrice Lumumba
Samuel Eto'o
Hergé
Bryan Habana
Youssou N'Dour
Marco Polo
Anthony Hopkins
Luka Dončić
Azumah Nelson
Roger Milla
Hans Zimmer
Ricky Gervais
Khaled
Thabo Mbeki
Carlo Ancelotti
Karl Lagerfeld
Omar Sharif
Desmond Tutu
Gordon Ramsay
Riyad Mahrez
Brigitte Bardot
Ibn Battuta
Sergei Rachmaninoff
Jomo Kenyatta
Dua Lipa
Thomas Sankara
Nefertiti
John Paul II
Didier Drogba
Haile Gebrselassie
Ramesses II
Yuri Gagarin
Steve Biko
Kirsty Coventry
Amy Winehouse
Michael Essien
Werner Herzog
Hosni Mubarak
Garry Kasparov
Sadio Mané
Jane Goodall
Claudia Schiffer
Monica Bellucci
Yaya Touré
Kenenisa Bekele
Friedrich Nietzsche
Carlos Alcaraz
Sydney Brenner
Ed Sheeran
Cyril Ramaphosa
Michel Foucault
George Weah
Ferdinand Magellan
Ennio Morricone
Hatshepsut
Muammar Gaddafi
Pep Guardiola
Charlemagne
Jay-Jay Okocha
Marion Cotillard
Burna Boy
Dusty Springfield
Abdel Fattah el-Sisi
Novak Djokovic
Samuel Peter
Idi Amin
Kate Moss
Mohamed Al-Fayed
Voltaire
Chinua Achebe
Franz Schubert
Shaka
Galileo Galilei
Robert Mugabe
Marie Antoinette
Le Corbusier
Djimon Hounsou
Kate Bush
Pythagoras
Nwankwo Kanu
Joan Miró
René Descartes
Trevor Noah
 
Answer Stats
Answer % Correct
Nelson Mandela
92%
Desmond Tutu
73%
Kofi Annan
71%
Tutankhamun
71%
Muammar Gaddafi
69%
Nefertiti
67%
Idi Amin
65%
Mohamed Salah
65%
Robert Mugabe
65%
Haile Selassie
59%
Mohamed Al-Fayed
59%
Nwankwo Kanu
59%
Patrice Lumumba
59%
Ramesses II
59%
Thabo Mbeki
59%
Abdel Fattah el-Sisi
57%
Jomo Kenyatta
57%
Djimon Hounsou
55%
Hosni Mubarak
55%
Jay-Jay Okocha
55%
Kenenisa Bekele
55%
Mansa Musa
55%
Youssou N'Dour
55%
Didier Drogba
53%
Omar Sharif
53%
Samuel Eto'o
53%
Haile Gebrselassie
51%
Ibn Battuta
51%
Yaya Touré
51%
Chinua Achebe
49%
Hatshepsut
49%
Sadio Mané
47%
George Weah
45%
Shaka
45%
Cyril Ramaphosa
43%
Fela Kuti
43%
Steve Biko
39%
Trevor Noah
39%
Azumah Nelson
37%
Thomas Sankara
37%
Roger Milla
35%
Burna Boy
31%
Khaled
31%
Riyad Mahrez
31%
Bryan Habana
25%
Michael Essien
24%
Gary Player
18%
Kirsty Coventry
12%
Samuel Peter
12%
Sydney Brenner
2%
No matching quizzes found
Score Distribution
Percent of People with Each Score
Percentile by Number Answered
Your Score History
You have not taken this quiz since the last reset